Foreigners: (Record no. 40366)

MARC details
000 -LEADER
fixed length control field 01128nam a2200373 a 4500
001 - CONTROL NUMBER
control field vtls000037172
003 - CONTROL NUMBER IDENTIFIER
control field NLI
005 - DATE AND TIME OF LATEST TRANSACTION
control field 20210601184153.0
008 - FIXED-LENGTH DATA ELEMENTS--GENERAL INFORMATION
fixed length control field 101125s1981 ilu 001 eng
020 ## - INTERNATIONAL STANDARD BOOK NUMBER
International Standard Book Number 0226439599
Terms of availability $ 25.00
039 #9 - LEVEL OF BIBLIOGRAPHIC CONTROL AND CODING DETAIL [OBSOLETE]
-- 201011250325
-- VLOAD
040 0# - CATALOGING SOURCE
Original cataloging agency NLI
Language of cataloging eng
Transcribing agency VERGIS-2003
041 0# - LANGUAGE CODE
Language code of text/sound track or separate title eng
044 ## - COUNTRY OF PUBLISHING/PRODUCING ENTITY CODE
MARC country code ilu
082 04 - DEWEY DECIMAL CLASSIFICATION NUMBER
Classification number 810.9
100 1# - MAIN ENTRY--PERSONAL NAME
Personal name Klein, Marcus
9 (RLIN) 107606
245 10 - TITLE STATEMENT
Title Foreigners:
Remainder of title the making of American literature, 1900-1940/
Statement of responsibility, etc. Marcus Klein
260 ## - PUBLICATION, DISTRIBUTION, ETC.
Place of publication, distribution, etc. Chicago:
Name of publisher, distributor, etc. The University of Chicago Press,
Date of publication, distribution, etc. 1981
300 ## - PHYSICAL DESCRIPTION
Extent xi, 332 p.;
Dimensions 23 cm.
500 ## - GENERAL NOTE
General note Includes index
650 #0 - SUBJECT ADDED ENTRY--TOPICAL TERM
Topical term or geographic name entry element American literature
Chronological subdivision 20th century
General subdivision History and criticism
9 (RLIN) 106802
650 #0 - SUBJECT ADDED ENTRY--TOPICAL TERM
Topical term or geographic name entry element Modernism (Literature)
9 (RLIN) 96841
651 #0 - SUBJECT ADDED ENTRY--GEOGRAPHIC NAME
Geographic name United states in literature
9 (RLIN) 106181
887 ## - NON-MARC INFORMATION FIELD
Content of non-MARC field Kannaki
901 ## - LOCAL DATA ELEMENT A, LDA (RLIN)
a 483711
b 03/05/1985
902 ## - LOCAL DATA ELEMENT B, LDB (RLIN)
a E 810.9 K 673
903 ## - LOCAL DATA ELEMENT C, LDC (RLIN)
a 06/05/2004
904 ## - LOCAL DATA ELEMENT D, LDD (RLIN)
a Kannaki
906 ## - LOCAL DATA ELEMENT F, LDF (RLIN)
a 038527
949 ## - LOCAL PROCESSING INFORMATION (OCLC)
-- VIRTUAITEM
-- 10000
-- 1
-- 100
6 PUR000483711ENG
a E 810.9 K673
942 ## - ADDED ENTRY ELEMENTS (KOHA)
Source of classification or shelving scheme Dewey Decimal Classification
Koha item type Books
Holdings
Withdrawn status Lost status Damaged status Not for loan Collection code Home library Current library Shelving location Date acquired Total Checkouts Full call number Barcode Date last seen Price effective from Koha item type
        New English National Library of India National Library of India New English - Main Stack Division     E 810.9 K 673 PUR000483711ENG 01/06/2021 01/06/2021 Books
                                                                           
web counter

Copyright ©2020 The National Library of India, Govt. of India ↔ Hosted by NVLI, MOC ↔ Technology and Design by National Library of India, Ministry of Culture, Govt. of India